00598 a2200193 450000100060000002000150000604000240002110000190004524000230006424500180008730000070010536200090011244000230012165000240014494200070016895201060017595201060028199900170038768890 a8576661780 cAnchieta - Itaigara aSouza, Shirley10aAi! que medo!lpor10aAi! que medo! a240 a2005 1aEscala Educacional 4aLiteratura infantil cBK 00104070a88.1b88.1d2023-11-21l0oLI 028.5 SOU AI!p676/ITAr2023-11-21 20:03:13w2023-11-21yBK 00104070a88.1b88.1d2023-11-21l0oLI 028.5 SOU AI!p677/ITAr2023-11-21 20:03:13w2023-11-21yBK c68890d68890